000 00319nam a22001457a 4500
008 250422b ||||| |||| 00| 0 eng d
020 _a0671476858
041 _aeng
080 _21984
_a556DAV
082 _2556DAV
_a556DAV
100 _a19
101 _aGEO
245 _aSUPERFORCE
_cPAUL DAVIES
942 _2udc
_cBK
999 _c60680
_d60680